00847nam a22002777a 450000500170000000800410001704100080005808200110006610000250007724500790010225000160018126000150019726000320021226000090024430000130025350500480026665000150031465000200032965000240034965000360037365000430040965000290045265000270048165000350050865000260054320220718141653.0190312b xxu||||| |||| 00| 0 spa d aspa a138 DC aDurante Calvo, Marco aTodo lo que un gerente debe conocer sobre el derecho laboral costarricense a3 edición aCosta Rica bBD & S Asesores Jurídicos c2005 a1 CD-ROM a101 preguntas frecuentes en materia laboral aCOSTA RICA aDERECHO LABORAL aPRINCIPIO PROTECTOR aPRINCIPIO IN DUBIO PRO OPERARIO aPRINCIPIO DE PRIMACÍA DE LA REALIDAD aPRINCIPIO DE CONTINUIDAD aSUSTITUCIÓN PATRONAL aPRINCIPIO DE IRRENUNCIABILIDAD aPRINCIPIO DE BUENA FE